[Event "ROM-ch U10 Girls"]
[Site "Calimanesti Caciulata"]
[Date "2019.04.17"]
[Round "3.22"]
[White "Iacob, Amelia Jasmine"]
[Black "Rata, Elisa"]
[Result "0-1"]
[WhiteElo "1001"]
[BlackElo "1001"]
[PlyCount "58"]
[EventDate "2019.04.15"]
[EventType "swiss"]
[EventRounds "9"]
[EventCountry "ROU"]
[SourceTitle "EXT 2024"]
[Source "ChessBase"]
[SourceDate "2023.10.10"]
[SourceVersion "1"]
[SourceVersionDate "2023.10.10"]
[SourceQuality "1"]

1. d4 d5 2. c4 e6 3. Nc3 Bb4 4. Nf3 Bxc3+ 5. bxc3 Nf6 6. e3 0-0 7. Bd3 Nc6 8. e4 a6 9. 0-0 h6 10. Ba3 Ne7 11. Re1 b5 12. exd5 bxc4 13. Bxc4 Re8 14. Qc2 exd5 15. Bd3 Bg4 16. Be2 Qd7 17. Ne5 Qf5 18. Bd3 Qg5 19. c4 Bh3 20. Bf1 Nf5 21. Re2 Nxd4 22. Bc1 Nxe2+ 23. Qxe2 Qxe5 24. Qd1 Qxa1 25. gxh3 Rab8 26. Bd3 dxc4 27. Bf5 Qe5 28. Bd2 Qxf5 29. Qf3 Qxf3 0-1

[Event "ROM-ch U10 Girls"]
[Site "Calimanesti Caciulata"]
[Date "2019.04.16"]
[Round "2.14"]
[White "Rata, Elisa"]
[Black "Vranceanu, Sofia Maria"]
[Result "0-1"]
[WhiteElo "1001"]
[BlackElo "1095"]
[PlyCount "68"]
[EventDate "2019.04.15"]
[EventType "swiss"]
[EventRounds "9"]
[EventCountry "ROU"]
[SourceTitle "EXT 2024"]
[Source "ChessBase"]
[SourceDate "2023.10.10"]
[SourceVersion "1"]
[SourceVersionDate "2023.10.10"]
[SourceQuality "1"]

1. e4 d5 2. exd5 Qxd5 3. Nc3 Qa5 4. Nf3 Bg4 5. Be2 Nf6 6. d4 c6 7. Bg5 Bxf3 8. Bxf3 Qxg5 9. 0-0 e6 10. a3 Qa5 11. b4 Qc7 12. Qc1 Be7 13. Qe3 0-0 14. Be2 Nbd7 15. Bd3 Rfe8 16. Ne4 Nxe4 17. Qxe4 Nf6 18. Qf3 Rad8 19. Qh3 Rxd4 20. Rad1 Rdd8 21. Qf3 c5 22. bxc5 Bxc5 23. a4 Qc6 24. Qxc6 bxc6 25. h3 Nd5 26. Bc4 Rb8 27. Bxd5 cxd5 28. Rfe1 Rb2 29. Re2 Ra2 30. Rb1 Bd6 31. a5 Rxa5 32. Rb7 Ra1+ 33. Rb1 Rxb1+ 34. Re1 Rxe1# 0-1